বিষয়বস্তু এড়িয়ে যান
VuFind
ভাষা
English
Deutsch
Español
Français
Italiano
日本語
Nederlands
Português
Português (Brasil)
中文(简体)
中文(繁體)
Türkçe
עברית
Gaeilge
Cymraeg
Ελληνικά
Català
Euskara
Русский
Čeština
Suomi
Svenska
polski
Dansk
slovenščina
اللغة العربية
বাংলা
Galego
Tiếng Việt
Hrvatski
हिंदी
সমস্ত ক্ষেত্রসমূহ
আখ্যা
লেখক
বিষয়
ডাক সংখ্যা
আইসবিএন/আইএসএসএন
ট্যাগ
অনুসন্ধান
বিস্তৃত
ফিল্টার পুনরায় সেট করুন
প্রস্তাবিত প্রসঙ্গ:
Standard English usage
ফিল্টার পুনরায় সেট করুন
ফিল্টার দেখুন (1)
প্রস্তাবিত প্রসঙ্গ:
Standard English usage
অনুসন্ধান
Tribal history:a new interpret...
সাইট করুন
এই ই-মেইলটি
মুদ্রণ
নথি এক্সপোর্ট করুন
এক্সপোর্ট করুন RefWorks
এক্সপোর্ট করুন EndNoteWeb
এক্সপোর্ট করুন EndNote
permanent_link
লোডিং...
Tribal history:a new interpretation
গ্রন্থ-পঞ্জীর বিবরন
প্রধান লেখক:
Shukla, H L
হোল্ডিংস
বিবরন
অনুরূপ উপাদানগুলি
স্টাফেদের বিবরণ দেখুন
LEADER
00187 a2200097 4500
020
260
942
|c
BB
|6
_
245
|a
Tribal history:a new interpretation
100
|a
Shukla, H L
999
|c
57344
|d
57344
অনুরূপ উপাদানগুলি
Black History:A Reappraisal
অনুযায়ী: Drimmer, Melvin, Ed
প্রকাশিত: (1968)
Kerala muslim history:a revisit
অনুযায়ী: Bahauddin,K.M
প্রকাশিত: (2012)
Tribal history: A new Interpretation
অনুযায়ী: HL Shukla
প্রকাশিত: (1988)
Art history:a very short introduction
অনুযায়ী: Arnold, Dana
প্রকাশিত: (2006)
Global history:a view from the south
অনুযায়ী: Samir,amin
প্রকাশিত: (2011)
লোডিং...